ბათუმის შოთა რუსთაველის სახელმწიფო უნივერსიტეტის ბიბლიოთეკა

სავაგონო მეურნეობა : (ბიბ.ჩანაწერი № 39183)

000 -ლიდერი
ფიქსირებული სიგრძის საკონტროლო ველი 00839nam a2200205Ia 4500
001 - საკონტროლო ნომერი
საკონტროლო ველი 5768
003 - საკონტროლო ნომრის იდენტიფიკატორი
საკონტროლო ველი GE_BSU
005 - ბოლო ოპერაციის თარიღი და დრო
საკონტროლო ველი 20190503123302.0
008 - ფიქსირებული სიგრძის მონაცემთა ელემენტები - ზოგადი ინფორმაცია
ფიქსირებული სიგრძის საკონტროლო ველი 181216s1971||||ge |||||||||||||| ||geo||
040 ## - კატალოგიზაციის წყარო
Transcribing agency GE_BSU
041 ## - ენის კოდი
Language code of text/sound track or separate title geo
080 ## - უნივერსალური ათობითი კლასიფიკაციის ინდექსი
Universal Decimal Classification number 625.2(075.8) რ-76
100 ## - მთავარი ჩანაწერი - პიროვნების სახელი
Personal name როინიშვილი, ი.
9 (RLIN) 672
245 ## - ცნობა სათაურის შესახებ
Title სავაგონო მეურნეობა :
Remainder of title სახელმძღვ. /
Statement of responsibility, etc ი. როინიშვილი ; რედ.ზ.ჯიბლაძე.
264 ## - წარმოების, გამოცემის, დისტრიბუციის და სხვა ცნობები
გამოცემის, წარმოების, დისტრიბუციის... ადგილი თბილისი :
გამოცემის, წარმოების, დისტრიბუციის... სახელწოდება განათლება,
გამოცემის, წარმოების, დისტრიბუციის... თარიღი 1971.
300 ## - ფიზიკური აღწერა
Extent 316 გვ. :
Other physical details ნახაზები, დანართები ;
Dimensions 22 სმ.
653 ## - INDEX TERM--UNCONTROLLED
Uncontrolled term სავაგონო მეურნეობა
700 ## - ADDED ENTRY--PERSONAL NAME
Personal name ჯიბლაძე, ზ.
Relator term რედაქტორი
9 (RLIN) 673
942 ## - ADDED ENTRY ELEMENTS (KOHA)
Koha item type წიგნი
Source of classification or shelving scheme
ეგზემპლარები
ჩამოწერის სტატუსი დაკარგული ეგზემპლარის სტატუსი კლასიფიკაციის წყარო ან თაროზე გაწყობის სქემა დაზიანების სტატუსი არ გაიცემა მუდმივი მდებარეობა (დაცვის ადგილი) ამჟამინდელი ადგილსამყოფელი თაროზე განთავსების ადგილი შეძენის თარიღი ღირებულება, შესყიდვის ნორმალური ფასი სრული შენახვის შიფრი შტრიხკოდი ბოლო ოპერაციის თარიღი ეგზემპლარის მიმდევრობითი ნომერი (კეტერი?) ფასის ძალაში შესვლის თარიღი ეგზემპლარის სახეობა საჯარო შენიშვნა
          ტექნოლოგიური ფაკულტეტის ბიბლიოთეკა ტექნოლოგიური ფაკულტეტის ბიბლიოთეკა წიგნსაცავი 2018-12-17 1.80 625.2(075.8) რ-76 11640 2018-12-17 11640 2018-12-17 წიგნი 1.80 ლ.
          ტექნოლოგიური ფაკულტეტის ბიბლიოთეკა ტექნოლოგიური ფაკულტეტის ბიბლიოთეკა წიგნსაცავი 2018-12-17 1.80 625.2(075.8) რ-76 11641 2018-12-17 11641 2018-12-17 წიგნი 1.80 ლ.
          ტექნოლოგიური ფაკულტეტის ბიბლიოთეკა ტექნოლოგიური ფაკულტეტის ბიბლიოთეკა წიგნსაცავი 2018-12-17 1.80 625.2(075.8) რ-76 11643 2018-12-17 11643 2018-12-17 წიგნი 1.80 ლ.
          ტექნოლოგიური ფაკულტეტის ბიბლიოთეკა ტექნოლოგიური ფაკულტეტის ბიბლიოთეკა წიგნსაცავი 2018-12-17 1.80 625.2(075.8) რ-76 11642 2018-12-17 11642 2018-12-17 წიგნი 1.80 ლ.
          ტექნოლოგიური ფაკულტეტის ბიბლიოთეკა ტექნოლოგიური ფაკულტეტის ბიბლიოთეკა წიგნსაცავი 2018-12-17 1.80 625.2(075.8) რ-76 11644 2018-12-17 11644 2018-12-17 წიგნი 1.80 ლ.